00557nam a22001337a 4500999001500000008004100015100003600056245011500092260004200207300001900249650004900268942001500317952009100332 c6813d6813200330b ||||| |||| 00| 0 eng d aThe United Republic of Tanzania aNational Multi-sectoral Strategic Framework on HIV/AIDS ( 2003-2007)cThe United Republic of TanzaniahEnglish aDar Es SalaambPrime Minister'sc2003 avi,,82p.c26cm 2Strategic framework on HIV/AIDS ( 2003-2007) 2ddccBOOKS 00102ddc4070a3000b3000d2020-03-30l0p10000002307r2020-03-30w2020-03-30yBOOKS